Normal view
MARC view
- Respiration
Entry Topical Term
001 - CONTROL NUMBER
- control field: 112004
003 - CONTROL NUMBER IDENTIFIER
- control field: NUST
005 - DATE AND TIME OF LATEST TRANSACTION
- control field: 20230428151253.0
008 - FIXED-LENGTH DATA ELEMENTS
- fixed length control field: 230428|| aca||aabn | a|a d
040 ## - CATALOGING SOURCE
- Original cataloging agency: NUST
- Transcribing agency: NUST
150 ## - HEADING--TOPICAL TERM
- Topical term or geographic name entry element: Respiration
670 ## - SOURCE DATA FOUND
- Source citation: Work cat.: (NUST)0: West, John B. (John Burnard) 112003, Respiratory physiology-- the essentials /, c1995.
